History Quiz

Random History or Clickable Quiz

(RE) Galba: Historically Speaking Quiz Stats

 Plays Quiz not verified by Sporcle

Score 0/31 Timer 11:00
0 Plays Today
% Correct
NERO Claudius Caesar Augustus Germanicus
83.9%
Agrippina the Younger
83.9%
Males
80.6%
Consul
80.6%
Killed
80.6%
Massive taxes
80.6%
He became emperor
80.6%
Strike, if it be for the good of the Romans!
80.6%
NERO Claudius Caesar Augustus Germanicus
77.4%
Praetorian Guard
77.4%
Servius Sulpicius GALBA Caesar Augustus
77.4%
Praetorian Guard
77.4%
The Three Pedagogues
77.4%
So many swords
77.4%
Aemilia Lepida
74.2%
Tiberius CLAUDIUS Caesar Augustus Germanicus
74.2%
% Correct
Marcus Salvius OTHO Caesar Augustus
74.2%
Africa
74.2%
I choose my soldiers, I do not buy them
74.2%
Lucius Livius Ocella Sulpicius GALBA
71%
Near Terracina, Italy
67.7%
None
67.7%
Legate of the Senate and the Roman People
67.7%
Gaius Iulius VINDEX
67.7%
Pompey
61.3%
Aurelian Road
61.3%
Mummia Achaica
58.1%
Servius Sulpicius GALBA
54.8%
Imperātor Caesar Dīvī Fīlius AUGUSTUS
45.2%
TIBERIUS Caesar Dīvī Augustī Fīlius
38.7%
Aulus VITELLIUS Germanicus Augustus
38.7%

You're not logged in!

Compare scores with friends on all Sporcle quizzes.
OR
Log In

Sporcle TV

Today on Sporcle TV


Watch our educational content, quiz creation guides, and fun videos on Sporcle TV.

Show Comments

Extras

Top Quizzes Today


Score Distribution

Your Account Isn't Verified!

In order to create a playlist on Sporcle, you need to verify the email address you used during registration. Go to your Sporcle Settings to finish the process.

Report this User

Report this user for behavior that violates our Community Guidelines.

Details: